000 01522cam a22004694i 4500
003 PE-LiUPU
005 20250731172932.0
008 150623s r 000 0 d
020 _a0828009368
035 _a(Sirsi) i9780828009362
040 _aPE-LiUPU
_bspa
_cPE-LiUPU
_erda
049 _aPRUA
082 0 4 _a220.13
_bT48
_221
100 1 _aThompson, Alden,
_eautor.
245 1 0 _aInspiration :
_bHard questions, Honest Answers /
_cAlden Thompson.
264 1 _aHagerstown, MD :
_bReview and Herald publishing association,
_c1991.
300 _a332 páginas ;
_c22 centímetros
336 _atext
_2rdacontent
337 _aunmediated
_2rdamedia
338 _avolume
_2rdacarrier
504 _aIncluye bibliografía.
505 0 _aDocuments. -Theory. -Illustrations. -Results.
526 _aSEG42
526 _aSEG41
526 _aSEG40
526 _aSEG39
526 _aP94
526 _aP87
526 _aP86
526 _aP85
526 _aP77
526 _aP76
526 _aP35
630 _aBiblia
_xEvidencias, autoridad, etc.
630 _aBiblia
_xInspiración.
942 _2ddc
_cBOOK
949 _a220.13 T48
_wDEWEY
_c1
_i43945
_lCCODEBUL1
_mBUL
_r0
_sY
_tBOOK
_u2015-6-24
_xTEOLOGIA
_PP35
_0COMPRA
_o.STAFF. Colección General
994 _aC0
_bPEPRU
596 _a1
999 _a220.13 T48
_wDEWEY
_c20822
_i43945
_f2021-11-9
_g5
_lCCODEBUL1
_mBUL
_r0
_sY
_tBOOK
_u2015-6-24
_xTEOLOGIA
_PP35
_0COMPRA
_o.STAFF. Colección General
_d20822
980 _81
_gALBERTO SANCHEZ Responsable de Automatización